<?xml version="1.0" encoding="UTF-8"?>
<record
    xmlns:xsi="http://www.w3.org/2001/XMLSchema-instance"
    xsi:schemaLocation="http://www.loc.gov/MARC21/slim http://www.loc.gov/standards/marcxml/schema/MARC21slim.xsd"
    xmlns="http://www.loc.gov/MARC21/slim">

  <leader>00695nam a2200193   4500</leader>
  <controlfield tag="001">85584</controlfield>
  <controlfield tag="003">BD-RjUL</controlfield>
  <controlfield tag="005">20250827125254.0</controlfield>
  <controlfield tag="008">250827s1964    pk ||||| |||| 00| 0 urd d</controlfield>
  <datafield tag="035" ind1=" " ind2=" ">
    <subfield code="a">(BD-RjUL)85584</subfield>
  </datafield>
  <datafield tag="040" ind1=" " ind2=" ">
    <subfield code="a">BD-RjUL</subfield>
    <subfield code="b">eng</subfield>
    <subfield code="c">BD-RjUL</subfield>
  </datafield>
  <datafield tag="041" ind1=" " ind2=" ">
    <subfield code="a">urd</subfield>
  </datafield>
  <datafield tag="082" ind1=" " ind2=" ">
    <subfield code="2">23</subfield>
    <subfield code="a">891.43909</subfield>
    <subfield code="b">AKA  1964</subfield>
  </datafield>
  <datafield tag="245" ind1=" " ind2=" ">
    <subfield code="a">&#x627;&#x62E;&#x62A;&#x631; &#x634;&#x6CC;&#x631;&#x627;&#x646;&#x6CC; &#x627;&#x648;&#x631; &#x627;&#x633; &#x6A9;&#x6CC; &#x634;&#x627;&#x639;&#x631;&#x6CC; / A&#x1E96;tar &#x160;&#x12B;r&#x101;n&#x12B; aur us k&#x12B; &#x161;&#x101;&#x2BF;ir&#x12B; /</subfield>
    <subfield code="c">&#x645;&#x631;&#x62A;&#x628;&#x6C1; &#x627;&#x6CC;&#x633; &#x627;&#x62E;&#x62A;&#x631; &#x62C;&#x639;&#x641;&#x631;&#x6CC;, A&#x1E96;tar &#x160;&#x12B;r&#x101;n&#x12B; (Author), S. A&#x1E2B;tar Ja&#x2BF;fr&#x12B; / murattabah-i Es A&#x1E96;tar Ja&#x2BF;fr&#x12B;</subfield>
  </datafield>
  <datafield tag="260" ind1=" " ind2=" ">
    <subfield code="a">Lahore :</subfield>
    <subfield code="b">Aynah adab ,</subfield>
    <subfield code="c">1964</subfield>
  </datafield>
  <datafield tag="300" ind1=" " ind2=" ">
    <subfield code="a">232 p. ;</subfield>
    <subfield code="c">21 cm</subfield>
  </datafield>
  <datafield tag="650" ind1=" " ind2=" ">
    <subfield code="a">Urdu literature </subfield>
    <subfield code="v">history &amp; criticism</subfield>
  </datafield>
  <datafield tag="942" ind1=" " ind2=" ">
    <subfield code="2">ddc</subfield>
    <subfield code="c">BK</subfield>
  </datafield>
  <datafield tag="999" ind1=" " ind2=" ">
    <subfield code="c">85584</subfield>
    <subfield code="d">85584</subfield>
  </datafield>
  <datafield tag="952" ind1=" " ind2=" ">
    <subfield code="0">0</subfield>
    <subfield code="1">0</subfield>
    <subfield code="2">ddc</subfield>
    <subfield code="4">0</subfield>
    <subfield code="7">1</subfield>
    <subfield code="8">NFIC</subfield>
    <subfield code="a">RUCL</subfield>
    <subfield code="b">RUCL</subfield>
    <subfield code="c">Reading</subfield>
    <subfield code="d">2025-08-27</subfield>
    <subfield code="l">0</subfield>
    <subfield code="o">U 891.43909 AKA  1964</subfield>
    <subfield code="r">2025-08-27 00:00:00</subfield>
    <subfield code="t">C-1</subfield>
    <subfield code="w">2025-08-27</subfield>
    <subfield code="y">BK</subfield>
  </datafield>
</record>
